[Event "XVI C.to Mondiale seniores"]
[Site "Arvier ITA"]
[Date "2006.09.13"]
[Round "3"]
[White "Wagman, Stuart"]
[Black "Kristiansen, Erling"]
[Result "1/2-1/2"]
[WhiteElo "2125"]
[BlackElo "2236"]
[PlyCount "77"]
[EventDate "2006.09.11"]

1. e4 e5 2. Nf3 Nc6 3. Bb5 a6 4. Ba4 Nf6 5. O-O Be7 6. Re1 b5 7. Bb3 O-O 8. h3
Bb7 9. d3 d6 10. a3 Na5 11. Ba2 c5 12. Bg5 Ne8 13. Bxe7 Qxe7 14. Nc3 Nc7 15.
Qd2 Nc6 16. Nd5 Nxd5 17. Bxd5 Nd8 18. Bxb7 Nxb7 19. a4 b4 20. c3 Na5 21. Qe2
Rfb8 22. d4 bxc3 23. bxc3 c4 24. Rad1 Rd8 25. dxe5 dxe5 26. Rd5 Rxd5 27. exd5
f6 28. Nd4 Qd7 29. Ne6 Rc8 30. h4 Nb7 31. h5 Nd6 32. h6 g6 33. Qf3 Qf7 34. Rb1
Nf5 35. Qh3 Qd7 36. g4 Ne7 37. Qf3 Nxd5 38. Rd1 Qxe6 39. Qxd5 1/2-1/2

[Event "XVI C.to Mondiale seniores"]
[Site "Arvier ITA"]
[Date "2006.09.14"]
[Round "4"]
[White "Altshul, Raffael"]
[Black "Bukal, Vladimir sr"]
[Result "1/2-1/2"]
[WhiteElo "2291"]
[BlackElo "2414"]
[PlyCount "37"]
[EventDate "2006.09.11"]

1. d4 d5 2. c4 c6 3. Nc3 Nf6 4. cxd5 cxd5 5. Bf4 Nc6 6. e3 a6 7. Nf3 Bg4 8. Be2
e6 9. O-O Bd6 10. Ne5 Bxe2 11. Qxe2 Rc8 12. Nd3 Bxf4 13. Nxf4 Qd6 14. Nd3 O-O
15. Rfc1 e5 16. dxe5 Nxe5 17. Nxe5 Qxe5 18. Rd1 b5 19. Rd4 1/2-1/2

[Event "XVI C.to Mondiale seniores"]
[Site "Arvier ITA"]
[Date "2006.09.14"]
[Round "4"]
[White "Boey, Josef Martin"]
[Black "Chernikov, Oleg L."]
[Result "1-0"]
[WhiteElo "2277"]
[BlackElo "2422"]
[PlyCount "81"]
[EventDate "2006.09.11"]

1. e4 c5 2. Nf3 d6 3. d4 cxd4 4. Nxd4 Nf6 5. f3 Nc6 6. Bb5 Bd7 7. c4 g6 8. Nc3
Bg7 9. Be3 O-O 10. O-O Ne5 11. b3 Bc6 12. h3 Rc8 13. Rc1 Qa5 14. Qd2 Rfd8 15.
Rfd1 Ned7 16. a3 Kf8 17. b4 Qc7 18. Nd5 Qb8 19. Bh6 Bxd5 20. exd5 Nb6 21. Qg5
Ng8 22. Bxg7+ Kxg7 23. Re1 Kf8 24. Qf4 Kg7 25. Qg5 Kf8 26. Re4 h6 27. Rf4 Kg7
28. Nf5+ Kh7 29. Rh4 gxf5 30. Re1 Rc7 31. Qxf5+ Kh8 32. Ree4 Qc8 33. Qg5 e5 34.
Rxh6+ Nxh6 35. Qxh6+ Kg8 36. Rh4 f5 37. Qh8+ Kf7 38. Qh7+ Kf6 39. Rh6+ Kg5 40.
Rg6+ Kf4 41. Qh6# 1-0

[Event "XVI C.to Mondiale seniores"]
[Site "Arvier ITA"]
[Date "2006.09.14"]
[Round "4"]
[White "Donchenko, Anatoly G."]
[Black "Speijer, Nico Bram"]
[Result "1-0"]
[WhiteElo "2405"]
[BlackElo "2201"]
[PlyCount "52"]
[EventDate "2006.09.11"]

1. g3 Nf6 2. Bg2 g6 3. d4 Bg7 4. e4 d6 5. Ne2 Na6 6. O-O c5 7. c3 O-O 8. h3 Nd7
9. Bg5 h6 10. Be3 Rb8 11. Qd2 Kh7 12. a4 Nc7 13. b4 b6 14. Na3 Ba6 15. Rfd1
cxb4 16. cxb4 Nf6 17. Rac1 d5 18. b5 Bb7 19. e5 Nd7 20. h4 Rc8 21. h5 Qe8 22.
a5 bxa5 23. Qxa5 Qd8 24. Qxa7 Rb8 25. hxg6+ Kxg6 26. Qa4 Kh7 1-0

[Event "XVI C.to Mondiale seniores"]
[Site "Arvier ITA"]
[Date "2006.09.14"]
[Round "4"]
[White "Elfert, Aleksandr V."]
[Black "Loktiev, Ivan"]
[Result "0-1"]
[WhiteElo "2166"]
[BlackElo "2383"]
[PlyCount "90"]
[EventDate "2006.09.11"]

1. e4 e6 2. d3 c5 3. f4 Nc6 4. Nf3 d6 5. Be2 Nf6 6. Nbd2 Be7 7. c3 O-O 8. O-O
b5 9. Qe1 b4 10. Nc4 bxc3 11. bxc3 Ba6 12. e5 dxe5 13. Ncxe5 Rc8 14. Nxc6 Rxc6
15. Ne5 Rc7 16. g4 Nd7 17. Qg3 Nxe5 18. fxe5 Rd7 19. c4 Rb7 20. g5 Re8 21. Be3
Rb2 22. Rae1 Rxa2 23. Qh4 Rxe2 24. Rxe2 Qxd3 25. Qf4 Rf8 26. Rd2 Qxc4 27. Qxc4
Bxc4 28. Ra1 Bd5 29. Rxa7 Re8 30. Rc7 c4 31. Ra2 Bb4 32. Raa7 Bc3 33. Rxf7 Bxe5
34. Bc5 g6 35. Rxh7 c3 36. Rh6 Be4 37. Rh4 c2 38. Be3 Bd4 39. Bxd4 c1=Q+ 40.
Kf2 Qd2+ 41. Kg3 Qg2+ 42. Kf4 Qf3+ 43. Ke5 Qf5+ 44. Kd6 Qd5+ 45. Kc7 Qc6# 0-1

[Event "XVI C.to Mondiale seniores"]
[Site "Arvier ITA"]
[Date "2006.09.14"]
[Round "4"]
[White "Etmans, Maarten D."]
[Black "Tatai, Stefano"]
[Result "1/2-1/2"]
[WhiteElo "2159"]
[BlackElo "2361"]
[PlyCount "95"]
[EventDate "2006.09.11"]

1. e3 g6 2. Nf3 Bg7 3. Be2 e5 4. c4 e4 5. Nd4 Nc6 6. Nxc6 dxc6 7. Nc3 Bxc3 8.
dxc3 Qxd1+ 9. Bxd1 c5 10. f3 Bf5 11. b4 Nf6 12. O-O O-O-O 13. Bc2 exf3 14.
Bxf5+ gxf5 15. gxf3 Rhg8+ 16. Kf2 Nd7 17. e4 Ne5 18. Bf4 Nd3+ 19. Ke3 cxb4 20.
cxb4 Nxb4 21. Rf2 Rd3+ 22. Ke2 fxe4 23. fxe4 Re8 24. e5 Rc3 25. Bg3 Rc2+ 26.
Kf1 Rxf2+ 27. Kxf2 Nd3+ 28. Kg2 Nxe5 29. Rf1 Re6 30. Bxe5 Rxe5 31. Rxf7 Rc5 32.
Rxh7 Rxc4 33. h4 b5 34. h5 b4 35. h6 Kb7 36. Kg3 Rc1 37. Rf7 Rh1 38. h7 a5 39.
Kg4 a4 40. Kg5 b3 41. axb3 axb3 42. Rf3 Rxh7 43. Rxb3+ Kc6 44. Kf4 Re7 45. Rb1
Re6 46. Rc1+ Kd7 47. Rd1+ Ke7 48. Rd5 1/2-1/2

[Event "XVI C.to Mondiale seniores"]
[Site "Arvier ITA"]
[Date "2006.09.14"]
[Round "4"]
[White "Gousseinov, Aguif"]
[Black "Malmdin, Nils Ake"]
[Result "0-1"]
[WhiteElo "2049"]
[BlackElo "2218"]
[PlyCount "82"]
[EventDate "2006.09.11"]

1. e4 d5 2. exd5 Nf6 3. d4 Bg4 4. f3 Bf5 5. c4 e6 6. dxe6 Nc6 7. Be3 Bb4+ 8.
Nc3 fxe6 9. Nge2 Qe7 10. a3 Bxc3+ 11. bxc3 O-O 12. Ng3 Rad8 13. Qb3 b6 14. Be2
Bg6 15. O-O h6 16. Rfe1 Kh8 17. Bf1 Na5 18. Qb4 Qd7 19. Rad1 Bc2 20. Rd2 Bb3
21. Rb1 Ba4 22. Bd3 Bc6 23. Re1 Ba4 24. Rde2 Nb3 25. c5 Nd5 26. Bb5 Qxb5 27.
Qxb5 Bxb5 28. Rb2 Bc4 29. Ne4 Nxe3 30. Rxe3 bxc5 31. dxc5 Rd1+ 32. Kf2 Rf1+ 33.
Kg3 Rd8 34. Kf4 Ra1 35. h4 Rxa3 36. g4 Ra1 37. h5 a5 38. g5 Rf8+ 39. Kg4 Rg1+
40. Ng3 hxg5 41. Re5 Rf4+ 0-1

[Event "XVI C.to Mondiale seniores"]
[Site "Arvier ITA"]
[Date "2006.09.14"]
[Round "4"]
[White "Gutzeit, Avraham"]
[Black "Keserovic, Milan"]
[Result "1/2-1/2"]
[WhiteElo "2079"]
[BlackElo "2230"]
[PlyCount "112"]
[EventDate "2006.09.11"]

1. e4 e5 2. Nf3 Nc6 3. Bb5 a6 4. Ba4 Nf6 5. O-O Be7 6. Re1 b5 7. Bb3 d6 8. c3
O-O 9. h3 Na5 10. Bc2 c5 11. d4 cxd4 12. cxd4 Bb7 13. Nbd2 Rc8 14. d5 Nh5 15.
Nf1 Nf4 16. Ne3 g6 17. b3 Ra8 18. Bd2 Bc8 19. a4 Bd7 20. axb5 axb5 21. Bb4 Re8
22. Ra3 Nb7 23. Qa1 Rc8 24. Ra7 Qb6 25. Qa6 Qxa6 26. Rxa6 Bf8 27. Ra7 Rb8 28.
Kf1 Rec8 29. Rea1 Rc7 30. Ra8 Rcc8 31. Rxb8 Rxb8 32. Ra7 Be8 33. Ng1 Nc5 34. g3
Nfd3 35. Bxc5 Nxc5 36. b4 Na4 37. Nf3 Bh6 38. Ng4 Bg7 39. Ra6 Nb6 40. Nd2 h5
41. Ne3 Bh6 42. Ke2 Bd7 43. h4 Kf8 44. Nb3 Nc4 45. Bd3 Rc8 46. Ra7 Ke8 47. Nd1
Kd8 48. Na5 Nxa5 49. Rxa5 Rc1 50. Ne3 Bxe3 51. Kxe3 Rc3 52. Kd2 Rb3 53. Bxb5
Rxb4 54. Ra8+ Ke7 55. Bxd7 Kxd7 56. Ra7+ Ke8 1/2-1/2

[Event "XVI C.to Mondiale seniores"]
[Site "Arvier ITA"]
[Date "2006.09.14"]
[Round "4"]
[White "Johnsen, Gunnar"]
[Black "Masich, Vladimir"]
[Result "1-0"]
[WhiteElo "2215"]
[BlackElo "2041"]
[PlyCount "71"]
[EventDate "2006.09.11"]

1. d4 Nf6 2. c4 e6 3. Nc3 d5 4. Nf3 Be7 5. Bg5 O-O 6. Rc1 Nbd7 7. e3 h6 8. Bh4
c6 9. Bd3 Re8 10. O-O b6 11. cxd5 exd5 12. Bg3 Nf8 13. Ne5 Bb7 14. f4 Ne6 15.
Qf3 a6 16. Bf2 c5 17. Bf5 Nf8 18. g4 g6 19. g5 Ne4 20. gxh6 Bh4 21. Nxe4 dxe4
22. Qh3 Bxf2+ 23. Rxf2 Rxe5 24. fxe5 gxf5 25. Qxf5 Qe7 26. Rcf1 Bd5 27. Rg2+
Ng6 28. h4 Kh8 29. h5 Be6 30. Qxe4 Rg8 31. hxg6 fxg6 32. Rxg6 Rxg6+ 33. Qxg6
cxd4 34. exd4 Bxa2 35. Qf6+ Qxf6 36. Rxf6 1-0

[Event "XVI C.to Mondiale seniores"]
[Site "Arvier ITA"]
[Date "2006.09.14"]
[Round "4"]
[White "Klovans, Janis"]
[Black "Spassov, Liuben D."]
[Result "1-0"]
[WhiteElo "2433"]
[BlackElo "2387"]
[PlyCount "65"]
[EventDate "2006.09.11"]

1. e4 c6 2. d4 d5 3. e5 Bf5 4. Nf3 e6 5. Be2 Nd7 6. O-O h6 7. c3 Ne7 8. Na3 Bh7
9. Nc2 Ng6 10. g3 Be7 11. Ne3 O-O 12. Ng4 Re8 13. Ne1 c5 14. f4 cxd4 15. cxd4
Qb6 16. Nf3 Nb8 17. a3 a5 18. Bd3 Nc6 19. Kh1 Nf8 20. Bxh7+ Nxh7 21. Ne3 a4 22.
f5 Bg5 23. f6 gxf6 24. Ng4 Qb3 25. Bxg5 hxg5 26. Qd2 Kh8 27. Nxf6 Nxf6 28. exf6
Rg8 29. Nxg5 Rg6 30. Qf4 Kg8 31. Qh4 Nd8 32. Qh7+ Kf8 33. Qh8+ 1-0

[Event "XVI C.to Mondiale seniores"]
[Site "Arvier ITA"]
[Date "2006.09.14"]
[Round "4"]
[White "Klundt, Klaus"]
[Black "Cebalo, Miso"]
[Result "1/2-1/2"]
[WhiteElo "2380"]
[BlackElo "2505"]
[PlyCount "39"]
[EventDate "2006.09.11"]

1. e4 c5 2. Nf3 d6 3. Nc3 e6 4. d4 cxd4 5. Nxd4 Nf6 6. Be2 Be7 7. O-O O-O 8. f4
Nc6 9. Kh1 Bd7 10. Be3 Nxd4 11. Bxd4 Bc6 12. Bf3 Nd7 13. Qe2 e5 14. Be3 exf4
15. Bxf4 Ne5 16. Rad1 Qa5 17. Nd5 Bxd5 18. Rxd5 Qxa2 19. Bxe5 dxe5 20. Rxe5
1/2-1/2

[Event "XVI C.to Mondiale seniores"]
[Site "Arvier ITA"]
[Date "2006.09.14"]
[Round "4"]
[White "Krasevec, Viktor"]
[Black "Buxade Roca, Guillermo"]
[Result "0-1"]
[WhiteElo "2065"]
[BlackElo "2202"]
[PlyCount "68"]
[EventDate "2006.09.11"]

1. Nf3 d5 2. d4 Bf5 3. e3 e6 4. c4 c6 5. Nc3 Nd7 6. cxd5 exd5 7. Bd3 Bg6 8. O-O
Ngf6 9. Qc2 Bd6 10. e4 dxe4 11. Nxe4 Nxe4 12. Bxe4 O-O 13. Bxg6 hxg6 14. Re1
Nf6 15. Bg5 Qc7 16. Bxf6 gxf6 17. Re2 Rfe8 18. Rae1 Rxe2 19. Rxe2 Kg7 20. h3
Qd7 21. Qe4 Rd8 22. a3 a5 23. g4 Rh8 24. h4 Bc7 25. h5 gxh5 26. g5 Qg4+ 27. Kf1
Qxe4 28. gxf6+ Kxf6 29. Rxe4 Rd8 30. Ke2 Rd5 31. Ne1 Bb6 32. Nc2 Rg5 33. b4 Bc7
34. Rh4 Bd6 0-1

[Event "XVI C.to Mondiale seniores"]
[Site "Arvier ITA"]
[Date "2006.09.14"]
[Round "4"]
[White "Kristiansen, Erling"]
[Black "Davydov, Mikhail"]
[Result "1-0"]
[WhiteElo "2236"]
[BlackElo "2113"]
[PlyCount "103"]
[EventDate "2006.09.11"]

1. e4 c6 2. Nc3 d5 3. Nf3 dxe4 4. Nxe4 Nd7 5. d4 Ngf6 6. Nxf6+ Nxf6 7. Bc4 e6
8. O-O b5 9. Bd3 a6 10. c3 c5 11. dxc5 Bxc5 12. Bg5 Bb7 13. Qe2 Bxf3 14. Qxf3
Qd5 15. Qxd5 Nxd5 16. Be4 f6 17. Bxd5 exd5 18. Bf4 Kf7 19. Rfd1 Rad8 20. Rd3 g5
21. Be3 Bxe3 22. fxe3 Ke6 23. Rd4 f5 24. a4 Rd6 25. axb5 axb5 26. Ra7 Rb6 27.
Rg7 g4 28. Rb4 Kf6 29. Rc7 Ke5 30. Kf2 h6 31. Rc5 Rhb8 32. Rd4 Rd6 33. Kg3 Rbb6
34. Rb4 Rb7 35. Rbxb5 Rxb5 36. Rxb5 Ke4 37. Kf2 Kd3 38. Rb4 h5 39. Rd4+ Kc2 40.
c4 Kxb2 41. cxd5 h4 42. h3 Kc3 43. hxg4 f4 44. Rxf4 Rxd5 45. Kf3 Rd8 46. g5 Rh8
47. Kg4 Kd3 48. Rf3 Ke4 49. g6 Ke5 50. Kg5 Ke6 51. g7 Rg8 52. Kg6 1-0

[Event "XVI C.to Mondiale seniores"]
[Site "Arvier ITA"]
[Date "2006.09.14"]
[Round "4"]
[White "Ljubarskij, Juri"]
[Black "Hvenekilde, Jorgen"]
[Result "1-0"]
[WhiteElo "2341"]
[BlackElo "2181"]
[PlyCount "61"]
[EventDate "2006.09.11"]

1. e4 c6 2. d4 d5 3. f3 e6 4. Nc3 Bb4 5. Nge2 Nf6 6. a3 Be7 7. Be3 b6 8. e5
Nfd7 9. Nb1 Ba6 10. c3 c5 11. g3 O-O 12. Bh3 Bxe2 13. Qxe2 Nc6 14. Nd2 cxd4 15.
cxd4 Rc8 16. b4 a5 17. b5 Ncb8 18. O-O Rc2 19. f4 g6 20. f5 exf5 21. Rxf5 Rxd2
22. Bxd2 gxf5 23. Qh5 Re8 24. Rf1 Nxe5 25. dxe5 Bc5+ 26. Kh1 d4 27. Bf4 Qd5+
28. Rf3 Nd7 29. Bxf5 Nf8 30. e6 Ng6 31. Bxg6 1-0

[Event "XVI C.to Mondiale seniores"]
[Site "Arvier ITA"]
[Date "2006.09.14"]
[Round "4"]
[White "Manukyan, Aleksan"]
[Black "Arkhangelsky, Boris"]
[Result "0-1"]
[WhiteElo "2195"]
[BlackElo "2395"]
[PlyCount "52"]
[EventDate "2006.09.11"]

1. d4 d5 2. Bf4 c6 3. Nd2 Nf6 4. e3 Bf5 5. Bd3 e6 6. Bxf5 exf5 7. Ne2 Nbd7 8.
c4 Be7 9. Qc2 g6 10. Nc3 Nb6 11. c5 Nbd7 12. b4 Nh5 13. Bh6 Bg5 14. Bxg5 Qxg5
15. O-O O-O 16. b5 Qf6 17. Nb3 f4 18. e4 dxe4 19. Nxe4 Qf5 20. bxc6 bxc6 21.
Na5 f3 22. Rfc1 Rfe8 23. gxf3 Qxf3 24. Nd2 Qg4+ 25. Kh1 Re2 26. Qd3 Rxd2 0-1

[Event "XVI C.to Mondiale seniores"]
[Site "Arvier ITA"]
[Date "2006.09.14"]
[Round "4"]
[White "Piankov, Evgenij"]
[Black "Wagman, Stuart"]
[Result "1-0"]
[WhiteElo "2324"]
[BlackElo "2125"]
[PlyCount "147"]
[EventDate "2006.09.11"]

1. d4 d5 2. e3 Nf6 3. Bd3 e6 4. f4 b6 5. Qe2 Bb7 6. Nf3 Be7 7. O-O O-O 8. b3
Nbd7 9. Bb2 c5 10. Ne5 Ne4 11. Nd2 Nxd2 12. Qxd2 Nf6 13. c3 Ne4 14. Qe2 f6 15.
Nf3 Bd6 16. Rfd1 Qe7 17. a4 Rac8 18. c4 Rfd8 19. a5 Bb8 20. axb6 axb6 21. Rac1
Bd6 22. Nd2 Nxd2 23. Rxd2 cxd4 24. Bxd4 b5 25. Rdc2 bxc4 26. bxc4 dxc4 27. Bxc4
Be4 28. Bb6 Re8 29. Bd3 Rxc2 30. Rxc2 Bxd3 31. Qxd3 Bb8 32. Qb5 e5 33. f5 e4
34. g3 h6 35. Kg2 Kh7 36. Qd5 Qe5 37. Qxe5 Rxe5 38. Rc8 Bd6 39. Rc6 Be7 40. g4
Kg8 41. Bd4 Ra5 42. Kg3 h5 43. h3 hxg4 44. hxg4 Ra2 45. Re6 Bb4 46. Rxe4 Be1+
47. Kh3 Re2 48. Re7 Bb4 49. Re6 Ba5 50. g5 fxg5 51. Kg4 Rg2+ 52. Kf3 Rc2 53.
Re7 Rc7 54. Re6 Bc3 55. Bxc3 Rxc3 56. Kg4 Rc1 57. Kxg5 Kf7 58. Kf4 Rc4+ 59. e4
Ra4 60. Rc6 Rb4 61. Ke5 Rb5+ 62. Kd4 Rb1 63. Rd6 Ra1 64. Ke5 Ra5+ 65. Rd5 Ra7
66. Rb5 Re7+ 67. Kf4 Ra7 68. Kg5 Ra1 69. Rb7+ Kf8 70. Kf4 Ra5 71. Rd7 Ra4 72.
Ke5 Rb4 73. Kd5 Ra4 74. e5 1-0

[Event "XVI C.to Mondiale seniores"]
[Site "Arvier ITA"]
[Date "2006.09.14"]
[Round "4"]
[White "Serra Olives, Tomas"]
[Black "Rosino, Antonio"]
[Result "1/2-1/2"]
[WhiteElo "2140"]
[BlackElo "2290"]
[PlyCount "106"]
[EventDate "2006.09.11"]

1. e4 e5 2. Nf3 Nc6 3. Bb5 Bc5 4. c3 Nge7 5. O-O Bb6 6. d4 exd4 7. cxd4 d5 8.
exd5 Nxd5 9. Ne5 Qf6 10. Nxc6 bxc6 11. Re1+ Ne7 12. Bg5 Qxg5 13. Bxc6+ Bd7 14.
Bxa8 O-O 15. Bf3 Nf5 16. Nc3 Nxd4 17. Nd5 Nxf3+ 18. Qxf3 Bd4 19. Rad1 c5 20. h3
Be6 21. Nc3 h5 22. b3 Rb8 23. Re2 Kh8 24. Rde1 Rd8 25. Ne4 Qh6 26. Ng3 g6 27.
Ne4 Bd5 28. Qg3 Qf8 29. Ng5 Qd6 30. Qd3 Qc6 31. Nf3 Bf6 32. Ne5 Qb7 33. Qg3 Kg7
34. Rd2 Re8 35. f4 Be6 36. Red1 Rc8 37. Rd6 Qe4 38. Qd3 Qxf4 39. Nxg6 Bd4+ 40.
Rxd4 Qxd4+ 41. Qxd4+ cxd4 42. Nf4 Rd8 43. Nxh5+ Kg6 44. Nf4+ Kf5 45. g3 Ke4 46.
Kf2 Rc8 47. Ke2 Rc3 48. Nd3 Rc2+ 49. Rd2 Rxd2+ 50. Kxd2 Kf3 51. h4 Kxg3 52. h5
f5 53. h6 Bg8 1/2-1/2

[Event "XVI C.to Mondiale seniores"]
[Site "Arvier ITA"]
[Date "2006.09.14"]
[Round "4"]
[White "Siegmund, Rainer"]
[Black "Frumson, Yury"]
[Result "1-0"]
[WhiteElo "2154"]
[BlackElo "2317"]
[PlyCount "123"]
[EventDate "2006.09.11"]

1. d4 Nf6 2. c4 e6 3. Nc3 d5 4. cxd5 exd5 5. Bg5 c6 6. Qc2 Be7 7. e3 Nbd7 8.
Bd3 O-O 9. Nf3 Re8 10. O-O Nf8 11. h3 g6 12. Rab1 a5 13. a3 Ne6 14. Bh4 Ng7 15.
b4 Nf5 16. Bxf6 Bxf6 17. b5 Be6 18. bxc6 bxc6 19. Na4 Ne7 20. Nc5 Bc8 21. Rb3
h5 22. Rfb1 Bf5 23. Rb6 Bxd3 24. Nxd3 Qd6 25. Qc5 Qxc5 26. Nxc5 Ra7 27. a4 Kg7
28. Nd2 Rea8 29. Kf1 Rc8 30. Ke2 Rcc7 31. Rb7 Nc8 32. Rxc7 Rxc7 33. Rb7 Bd8 34.
Ndb3 Rxb7 35. Nxb7 Bc7 36. N7xa5 Na7 37. Nb7 Kf8 38. Kd3 Ke7 39. N3c5 Nc8 40.
a5 Bb8 41. f3 f6 42. e4 dxe4+ 43. fxe4 Na7 44. Kc4 Bh2 45. d5 cxd5+ 46. Kxd5
Bc7 47. Ne6 Bg3 48. Nbc5 Bh4 49. Nd4 Kf7 50. a6 Bg3 51. Nc6 Nc8 52. Nd7 Bf2 53.
e5 fxe5 54. Ndxe5+ Kf6 55. Nd7+ Kf5 56. Nce5 h4 57. Nd3 Bg1 58. N7e5 g5 59. Nf3
Be3 60. Nd4+ Kg6 61. Ke4 Bg1 62. Ne5+ 1-0

[Event "XVI C.to Mondiale seniores"]
[Site "Arvier ITA"]
[Date "2006.09.14"]
[Round "4"]
[White "Sorokin, Valentin"]
[Black "Laco, Giuseppe"]
[Result "1-0"]
[WhiteElo "2337"]
[BlackElo "2143"]
[PlyCount "51"]
[EventDate "2006.09.11"]

1. d4 g6 2. e4 Bg7 3. c3 b6 4. h4 h5 5. Nh3 Bb7 6. Bd3 e6 7. Bg5 f6 8. Be3 Ne7
9. Nd2 Ba6 10. Bc2 c6 11. g4 e5 12. Rg1 d6 13. g5 f5 14. f4 Qd7 15. Qf3 O-O 16.
dxe5 dxe5 17. O-O-O Qc7 18. Bb3+ Kh8 19. Nc4 Nd7 20. Nd6 Nc5 21. Bxc5 bxc5 22.
exf5 Nxf5 23. Nxf5 Rxf5 24. Be6 Rxf4 25. Nxf4 exf4 26. Qe4 1-0

[Event "XVI C.to Mondiale seniores"]
[Site "Arvier ITA"]
[Date "2006.09.14"]
[Round "4"]
[White "Taksrud, Vidar"]
[Black "Zhelesny, Stanislav"]
[Result "1/2-1/2"]
[WhiteElo "2120"]
[BlackElo "2235"]
[PlyCount "89"]
[EventDate "2006.09.11"]

1. d4 Nf6 2. c4 g6 3. g3 Bg7 4. Bg2 d5 5. Nc3 dxc4 6. Nf3 O-O 7. O-O c6 8. h3
Nbd7 9. a4 Nd5 10. Bg5 N7f6 11. Qc1 Nxc3 12. bxc3 Ne4 13. Bh6 Nxc3 14. Re1 Nd5
15. e4 Nb4 16. Bxg7 Kxg7 17. Qxc4 a5 18. Rad1 e6 19. Qc3 f6 20. Nh2 Bd7 21. Ng4
h5 22. Ne3 Be8 23. d5 cxd5 24. exd5 e5 25. Qb3 Bf7 26. Nc2 Nxc2 27. Qxc2 Qd6
28. Rb1 Rab8 29. Rb5 b6 30. Qc6 Rfd8 31. Reb1 Be8 32. Qxd6 Rxd6 33. Rxa5 bxa5
34. Rxb8 Bxa4 35. Ra8 f5 36. Rxa5 Bd7 37. Bf1 Kf6 38. f4 h4 39. Kf2 hxg3+ 40.
Kxg3 exf4+ 41. Kxf4 g5+ 42. Ke3 Ke5 43. Bg2 f4+ 44. Kf2 Kf5 45. Ra8 1/2-1/2

[Event "XVI C.to Mondiale seniores"]
[Site "Arvier ITA"]
[Date "2006.09.14"]
[Round "4"]
[White "Vasiukov, Evgeni A."]
[Black "Karl, Hans"]
[Result "1-0"]
[WhiteElo "2505"]
[BlackElo "2240"]
[PlyCount "67"]
[EventDate "2006.09.11"]

1. e4 e5 2. Nf3 Nc6 3. Bb5 a6 4. Ba4 Nf6 5. Qe2 d6 6. c3 Bd7 7. d4 Be7 8. O-O
O-O 9. d5 Nb8 10. Bc2 Ne8 11. c4 f5 12. exf5 Bxf5 13. Bxf5 Rxf5 14. Nc3 Nd7 15.
Ne4 h6 16. Bd2 Rf7 17. b4 Nf8 18. Rac1 Qd7 19. Rfe1 Ng6 20. Qd3 Nf4 21. Bxf4
Rxf4 22. c5 Qb5 23. Rc4 Nf6 24. Nfd2 Rf8 25. Nc3 Qd7 26. Rxf4 exf4 27. c6 bxc6
28. dxc6 Qd8 29. Qxa6 d5 30. a3 Bd6 31. Nf3 Re8 32. Rd1 Qa8 33. Qxa8 Rxa8 34.
Nb5 1-0

[Event "XVI C.to Mondiale seniores"]
[Site "Arvier ITA"]
[Date "2006.09.14"]
[Round "4"]
[White "Wagner, Carl E."]
[Black "Sax, Hans"]
[Result "0-1"]
[WhiteElo "2209"]
[BlackElo "1966"]
[PlyCount "138"]
[EventDate "2006.09.11"]

1. e4 d5 2. exd5 Nf6 3. d4 Bg4 4. Nf3 Bxf3 5. Qxf3 Qxd5 6. Be2 Nc6 7. Be3 e6 8.
c3 O-O-O 9. Nd2 Ne7 10. Nc4 Ng6 11. O-O Be7 12. Qxd5 Nxd5 13. Bd2 Bf6 14. f4
Rhf8 15. Rad1 Be7 16. f5 exf5 17. Rxf5 f6 18. Bf3 Nb6 19. Nxb6+ axb6 20. Bg4
Kb8 21. Be3 Bd6 22. Rf2 Rfe8 23. Bc1 Re7 24. Re2 Rde8 25. Rxe7 Rxe7 26. g3 Nf8
27. Kf2 f5 28. Bf3 h6 29. Rd3 Nd7 30. Re3 Rxe3 31. Bxe3 c6 32. Be2 Nf6 33. Bd3
g6 34. Kf3 Ng4 35. Bg1 Kc7 36. h3 Nf6 37. Be3 Bf8 38. Bf4+ Kd7 39. a4 Nd5 40.
Be5 Ke6 41. g4 fxg4+ 42. hxg4 Ne7 43. Ke4 Nd5 44. Bc4 Bd6 45. Bg7 h5 46. gxh5
gxh5 47. Bf1 Nf6+ 48. Kf3 Ng4 49. Bc4+ Kf5 50. Bd3+ Kg5 51. c4 h4 52. Kg2 h3+
53. Kf1 Kf4 54. Be5+ Bxe5 55. dxe5 Nxe5 56. Be2 Kg3 57. Kg1 c5 58. Kh1 Kf2 59.
Bd1 Nxc4 60. b3 Nd2 61. Kh2 Ke3 62. Kxh3 Kd3 63. Kg3 Kc3 64. Kf4 Nxb3 65. Ke5
Kb4 66. Kd6 Kxa4 67. Kc7 b5 68. Kxb7 Kb4 69. Kb6 Nd4 0-1

[Event "XVI C.to Mondiale seniores"]
[Site "Arvier ITA"]
[Date "2006.09.14"]
[Round "4"]
[White "Westerinen, Heikki M.J."]
[Black "Jansa, Vlastimil"]
[Result "0-1"]
[WhiteElo "2378"]
[BlackElo "2482"]
[PlyCount "102"]
[EventDate "2006.09.11"]

1. e4 c5 2. Nf3 e6 3. Nc3 a6 4. g3 Nc6 5. Bg2 Nf6 6. O-O d6 7. Re1 Be7 8. d4
cxd4 9. Nxd4 Bd7 10. Nxc6 Bxc6 11. Bf4 O-O 12. Qd2 Ng4 13. Rad1 Ne5 14. b3 Rc8
15. a4 b6 16. Na2 Qc7 17. c4 Rfd8 18. Nc3 h6 19. h3 Qb8 20. Kh2 b5 21. cxb5
axb5 22. a5 Ba8 23. Be3 Nd7 24. f4 Rc7 25. Qd3 Nc5 26. Qxb5 Nxb3 27. Qxb8 Rxb8
28. Na4 Nxa5 29. Nb6 Bc6 30. Ra1 Nb3 31. Rab1 Nc5 32. Nd5 Rxb1 33. Nxe7+ Rxe7
34. Rxb1 Rb7 35. Rxb7 Nxb7 36. e5 Bxg2 37. Kxg2 d5 38. Bb6 Kf8 39. Kf3 Ke7 40.
g4 g6 41. Bd4 Na5 42. Bc5+ Kd7 43. Be3 Nc4 44. Bd4 Nd2+ 45. Ke3 Nb3 46. Bb2 Kc6
47. f5 Kc5 48. fxg6 fxg6 49. h4 d4+ 50. Ke4 h5 51. gxh5 gxh5 0-1

[Event "XVI C.to Mondiale seniores"]
[Site "Arvier ITA"]
[Date "2006.09.14"]
[Round "4"]
[White "Zakharov, Alexander"]
[Black "Viner, Phillip J."]
[Result "1-0"]
[WhiteElo "2395"]
[BlackElo "2140"]
[PlyCount "51"]
[EventDate "2006.09.11"]

1. e4 e6 2. d4 d5 3. exd5 exd5 4. Nf3 Bd6 5. c4 Nf6 6. Nc3 O-O 7. Bg5 Re8+ 8.
Be2 dxc4 9. O-O c6 10. Bxc4 Be6 11. Bxf6 Qxf6 12. Re1 Na6 13. Bxa6 bxa6 14. Qa4
Bh3 15. d5 Rec8 16. dxc6 Qg6 17. Nh4 Qg5 18. Rad1 Bf4 19. Nd5 Qxh4 20. Qxf4
Qxf4 21. Nxf4 Bf5 22. Nd5 Bc2 23. Rc1 Re8 24. Re3 Rxe3 25. fxe3 Be4 26. c7 1-0

[Event "XVI C.to Mondiale seniores"]
[Site "Arvier ITA"]
[Date "2006.09.14"]
[Round "4"]
[White "Zaric, Srboljub"]
[Black "Karasev, Vladimir I."]
[Result "0-1"]
[WhiteElo "2241"]
[BlackElo "2379"]
[PlyCount "58"]
[EventDate "2006.09.11"]

1. e4 c5 2. Nf3 e6 3. d4 cxd4 4. Nxd4 a6 5. Bd3 Qc7 6. Nd2 Nf6 7. N2f3 e5 8.
Nf5 d5 9. Ng3 dxe4 10. Nxe4 Nxe4 11. Bxe4 Be7 12. Bg5 f6 13. Be3 Be6 14. c3 Nc6
15. Qc2 g6 16. O-O-O Rc8 17. Qa4 Kf7 18. Bd5 Bxd5 19. Rxd5 b5 20. Qxa6 Nb4 21.
Qxb5 Nxd5 22. Qxd5+ Kg7 23. Rd1 Rhd8 24. Qe6 Ba3 25. Rd2 Bxb2+ 26. Kd1 Bxc3 27.
Rxd8 Rxd8+ 28. Ke2 Qd7 29. Qxd7+ Rxd7 0-1

[Event "XVI C.to Mondiale seniores"]
[Site "Arvier ITA"]
[Date "2006.09.15"]
[Round "5"]
[White "Altshul, Raffael"]
[Black "Donchenko, Anatoly G."]
[Result "0-1"]
[WhiteElo "2291"]
[BlackElo "2405"]
[PlyCount "140"]
[EventDate "2006.09.11"]

1. e4 c5 2. Nc3 e6 3. Nf3 d6 4. g3 Nc6 5. Bg2 Nf6 6. O-O Be7 7. d4 cxd4 8. Nxd4
Bd7 9. h3 O-O 10. Nde2 a6 11. g4 b5 12. a3 Rc8 13. Ng3 Na5 14. g5 Ne8 15. h4
Nc4 16. Nce2 f6 17. b3 Ne5 18. f4 Qb6+ 19. Qd4 Qxd4+ 20. Nxd4 Bd8 21. Nge2 Bb6
22. Kh1 Nc6 23. Nf3 Ne7 24. c3 e5 25. Kh2 Ng6 26. h5 Nxf4 27. Bxf4 exf4 28.
Nxf4 Bd8 29. gxf6 Nxf6 30. Nd4 Ng4+ 31. Kg3 Rxc3+ 32. Rf3 Rxf3+ 33. Nxf3 Bb6
34. Nd3 Nf6 35. e5 Nxh5+ 36. Kh2 dxe5 37. Nfxe5 Be6 38. Rc1 Bxb3 39. Rc6 Bd4
40. Rxa6 Nf4 41. Nc6 Be3 42. Be4 Nxd3 43. Bxd3 Bc4 44. Ne7+ Kf7 45. Bxc4+ bxc4
46. Nd5 Bd2 47. Rc6 Rd8 48. Rc5 Ke6 49. Nc7+ Kf7 50. Rxc4 Rc8 51. Rd4 Rxc7 52.
Rxd2 Ra7 53. Rd3 Ra4 54. Kg3 h5 55. Rd7+ Kg6 56. Rd6+ Kg5 57. Rd5+ Kh6 58. Rd3
g6 59. Rb3 h4+ 60. Kh3 Kh5 61. Kg2 g5 62. Rc3 Kg4 63. Rb3 Rc4 64. Rb2 Rc3 65.
Ra2 h3+ 66. Kg1 Rc1+ 67. Kh2 Kh4 68. Rb2 g4 69. Rb4 Rc2+ 70. Kg1 h2+ 0-1